Európska vodíková banka je príležitosťou aj pre slovenské firmy
urópska vodíková banka (EHB) má ambíciu zdynamizovať trh s vodíkom v EÚ, tak, aby do roku 2030 dokázal vyrobiť 10 miliónov ton vodíka ročne. Pre starý kontinent je výroba takéhoto množstva nateraz nedosiahnuteľná méta, no do roku 2030 by to, podľa Európskej komisie, mal byť splniteľný cieľ. Návrh Ko...
Guardado en:
| Autor principal: | |
|---|---|
| Formato: | Capítulo de libro |
| Lenguaje: | eslovaco |
| Materias: | |
| Etiquetas: |
Sin Etiquetas, Sea el primero en etiquetar este registro!
|
MARC
| LEADER | 00000naa a2200000 4500 | ||
|---|---|---|---|
| 001 | 0303302 | ||
| 005 | 20240801075053.3 | ||
| 041 | 0 | |a slo | |
| 044 | |a SK | ||
| 245 | 1 | 0 | |a Európska vodíková banka je príležitosťou aj pre slovenské firmy |c Richard Kvasňovský |
| 520 | |a urópska vodíková banka (EHB) má ambíciu zdynamizovať trh s vodíkom v EÚ, tak, aby do roku 2030 dokázal vyrobiť 10 miliónov ton vodíka ročne. Pre starý kontinent je výroba takéhoto množstva nateraz nedosiahnuteľná méta, no do roku 2030 by to, podľa Európskej komisie, mal byť splniteľný cieľ. Návrh Komisie v decembri Európsky parlament posúdil a zmenil aj vďaka pripomienkam svojho spravodajcu a slovenského europoslanca Roberta Hajšela. | ||
| 610 | 2 | 0 | |a plyn |
| 610 | 2 | 0 | |a vodík |
| 610 | 2 | 0 | |a banka-podnik |
| 610 | 2 | 0 | |a zásoby |
| 610 | 2 | 0 | |a Európska únia |
| 100 | 1 | |a Kvasňovský, Richard | |